[Event "Warsaw Najdorf Memorial op-A 22nd"]
[Site "Warsaw"]
[Date "2025.07.11"]
[Round "4"]
[White "Kazmierowski, Tymon"]
[Black "Golis, Wiktor"]
[Result "1/2-1/2"]
[WhiteElo "2138"]
[BlackElo "2319"]
[PlyCount "107"]
[EventDate "2025.07.08"]
[EventType "swiss"]
[EventRounds "9"]
[EventCountry "POL"]
[SourceTitle "CB29_2025"]
[SourceDate "2025.07.16"]
[SourceVersion "1"]
[SourceVersionDate "2025.07.16"]
[SourceQuality "1"]

1. e4 c6 2. d4 d5 3. Nc3 dxe4 4. Nxe4 Nf6 5. Nxf6+ exf6 6. Be3 Qb6 7. Qc1 Bf5 8. c3 Bd6 9. Bc4 0-0 10. Ne2 Qc7 11. h3 Nd7 12. 0-0 Rfe8 13. Re1 Nf8 14. Bb3 Ng6 15. c4 Qd7 16. c5 Bc7 17. Qc4 Be6 18. d5 Bxd5 19. Qd4 Be5 20. Qd2 Rad8 21. Rad1 Qc8 22. Qb4 Ne7 23. Bc2 Be6 24. Nc3 Bf5 25. Bb3 Ng6 26. Qc4 Be6 27. Qe2 Rxd1 28. Rxd1 Bf5 29. Qc4 Re7 30. Bd4 Bc7 31. Qf1 h5 32. Bc4 Nf4 33. Be3 Nxg2 34. Qxg2 Bxh3 35. Qg6 Bf5 36. Qxh5 Bg4 37. Qg6 Bxd1 38. Nxd1 Qh3 39. Qg2 Qh4 40. Be2 Be5 41. Qh1 Qa4 42. Qh3 Re6 43. Qg4 Qc2 44. Qc4 Qg6+ 45. Qg4 Qb1 46. Qb4 f5 47. Qd2 Rg6+ 48. Kf1 Qe4 49. Qd8+ Kh7 50. f3 Qb4 51. a3 Qa4 52. b3 Qxb3 53. Qh4+ Kg8 54. Qd8+ 1/2-1/2

[Event "Warsaw Najdorf Memorial op-A 22nd"]
[Site "Warsaw"]
[Date "2025.07.08"]
[Round "1"]
[White "Golis, Wiktor"]
[Black "O'Cuilleanain, Oisin"]
[Result "0-1"]
[WhiteElo "2319"]
[BlackElo "2086"]
[PlyCount "84"]
[EventDate "2025.07.08"]
[EventType "swiss"]
[EventRounds "9"]
[EventCountry "POL"]
[SourceTitle "CB29_2025"]
[SourceDate "2025.07.16"]
[SourceVersion "1"]
[SourceVersionDate "2025.07.16"]
[SourceQuality "1"]

1. e4 c5 2. Nf3 d6 3. d4 cxd4 4. Nxd4 Nf6 5. Nc3 a6 6. Bg5 e6 7. f4 h6 8. Bh4 Be7 9. Qf3 Nbd7 10. 0-0-0 Qc7 11. Bd3 g5 12. fxg5 Ne5 13. Qe2 Nfg4 14. Nf3 hxg5 15. Bxg5 Bxg5+ 16. Nxg5 Qc5 17. Nh3 Ke7 18. Kb1 Bd7 19. Rde1 b5 20. Nd1 Rag8 21. Ref1 a5 22. Qd2 b4 23. Qf4 a4 24. Ng5 b3 25. Nxf7 Nxd3 26. cxd3 Qc2+ 27. Ka1 e5 28. Ne3 exf4 29. Nxc2 Rxh2 30. Nd4 Rxh1 31. Rxh1 Kxf7 32. Rf1 Ne5 33. Rxf4+ Ke7 34. axb3 axb3 35. Nxb3 Rxg2 36. d4 Nd3 37. Rf3 Nb4 38. Kb1 Rg1+ 39. Nc1 Bb5 40. Rc3 Bd3+ 41. Ka1 Bxe4 42. b3 Nd3 0-1

[Event "Warsaw Maciei Memorial"]
[Site "Warsaw"]
[Date "2025.07.07"]
[Round "3"]
[White "Karolczuk, Iwo"]
[Black "Golis, Wiktor"]
[Result "1/2-1/2"]
[WhiteElo "2406"]
[BlackElo "2319"]
[PlyCount "93"]
[EventDate "2025.07.07"]
[EventType "swiss (blitz)"]
[EventRounds "11"]
[EventCountry "POL"]
[SourceTitle "CB28_2025"]
[SourceDate "2025.07.09"]
[SourceVersion "1"]
[SourceVersionDate "2025.07.09"]
[SourceQuality "1"]

1. d4 Nf6 2. c4 e6 3. Nf3 b6 4. a3 Bb7 5. Nc3 g6 6. Qc2 c5 7. e3 Bg7 8. Be2 0-0 9. 0-0 Nc6 10. d5 exd5 11. cxd5 Na5 12. e4 Rc8 13. Bf4 Re8 14. Rad1 d6 15. h3 a6 16. a4 c4 17. Nd4 Nh5 18. Bxh5 gxh5 19. Nf5 Be5 20. Bxe5 dxe5 21. Qd2 Qf6 22. Qe2 Kh8 23. Qxh5 Rg8 24. Kh1 Rg5 25. Qe2 Rcg8 26. Rg1 Bc8 27. d6 Bxf5 28. exf5 Qxf5 29. d7 Nc6 30. Qe4 Qe6 31. Rd2 Nd4 32. Ne2 Rxg2 33. Rxg2 Qxh3+ 34. Kg1 Rxg2+ 35. Qxg2 Qxd7 36. Nxd4 exd4 37. Qe4 d3 38. Qe3 Qg4+ 39. Qg3 Qe6 40. Kg2 b5 41. axb5 axb5 42. Qb8+ Kg7 43. Qxb5 Qg4+ 44. Kf1 Qh3+ 45. Kg1 Qg4+ 46. Kf1 Qh3+ 47. Kg1 1/2-1/2

[Event "POL-chT U20"]
[Site "Chotowa"]
[Date "2025.06.22"]
[Round "9.14"]
[White "Golis, Wiktor"]
[Black "Chmura, Eryk"]
[Result "1-0"]
[WhiteElo "2307"]
[BlackElo "2032"]
[PlyCount "75"]
[EventDate "2025.06.14"]
[EventType "team-tourn"]
[EventRounds "9"]
[EventCountry "POL"]
[SourceTitle "CB27_2025"]
[SourceDate "2025.07.02"]
[SourceVersion "1"]
[SourceVersionDate "2025.07.02"]
[SourceQuality "1"]
[WhiteTeam "Czarna LKSz"]
[BlackTeam "Gdynia MDK"]
[WhiteTeamCountry "POL"]
[BlackTeamCountry "POL"]

1. e4 e5 2. Nf3 Nc6 3. Bb5 a6 4. Ba4 Nf6 5. 0-0 d6 6. Re1 Bd7 7. c4 Bg4 8. h3 Bxf3 9. Qxf3 Nd7 10. Bxc6 bxc6 11. Nc3 g6 12. d3 Bg7 13. b4 Nf8 14. Be3 Ne6 15. Rab1 0-0 16. Rec1 Qd7 17. a4 f5 18. exf5 gxf5 19. b5 axb5 20. cxb5 cxb5 21. axb5 Ra3 22. b6 cxb6 23. Qd5 Rc8 24. Nb5 Rxc1+ 25. Rxc1 Ra5 26. Rc6 Bf8 27. Bxb6 Ra1+ 28. Kh2 Qf7 29. Nxd6 Bxd6 30. Rxd6 Nf8 31. Qxe5 Ra8 32. Rf6 Qd7 33. Qxf5 Qxf5 34. Rxf5 Rb8 35. Be3 Kg7 36. Bf4 Rd8 37. Be5+ Kg6 38. Rf6+ 1-0

[Event "POL-chT U20"]
[Site "Chotowa"]
[Date "2025.06.18"]
[Round "5.3"]
[White "Golis, Wiktor"]
[Black "Zawal, Krzysztof"]
[Result "1-0"]
[WhiteElo "2307"]
[BlackElo "1945"]
[PlyCount "119"]
[EventDate "2025.06.14"]
[EventType "team-tourn"]
[EventRounds "9"]
[EventCountry "POL"]
[SourceTitle "CB27_2025"]
[SourceDate "2025.07.02"]
[SourceVersion "1"]
[SourceVersionDate "2025.07.02"]
[SourceQuality "1"]
[WhiteTeam "Czarna LKSz"]
[BlackTeam "Trzebinia Hetman Koronny"]
[WhiteTeamCountry "POL"]
[BlackTeamCountry "POL"]

1. e4 c5 2. Nf3 Nc6 3. Bb5 g6 4. Bxc6 bxc6 5. 0-0 Bg7 6. Re1 Qc7 7. Na3 d6 8. e5 dxe5 9. d3 Nf6 10. Nc4 0-0 11. Nfxe5 Nd5 12. h3 Rd8 13. Qe2 Rb8 14. Bd2 Be6 15. Ba5 Nb6 16. Rad1 Qb7 17. b3 Rd5 18. Nf3 h6 19. Bd2 g5 20. Nfe5 Nd7 21. Ng4 Nf6 22. Nxf6+ Bxf6 23. Ne3 Rd6 24. Nf1 Bf5 25. Qf3 Bg6 26. Ne3 Bg7 27. Re2 Re8 28. Rde1 e5 29. Nf5 Rde6 30. Nxg7 Kxg7 31. Qg4 f6 32. Qc4 Qb5 33. Qc3 Kf7 34. a4 Qb4 35. Qxb4 cxb4 36. Bxb4 e4 37. d4 f5 38. Bc5 a6 39. c4 f4 40. b4 Bh5 41. d5 cxd5 42. cxd5 Re5 43. Rd2 e3 44. fxe3 fxe3 45. Rd3 e2 46. d6 Bg6 47. Rd2 Bf5 48. Bf2 Bd7 49. b5 axb5 50. a5 b4 51. a6 Ra5 52. a7 Bb5 53. d7 Bxd7 54. Rxd7+ Re7 55. Rxe7+ Kxe7 56. Rxe2+ Kd7 57. Rb2 Ra4 58. Rxb4 Ra1+ 59. Kh2 Kc7 60. Rb8 1-0

[Event "POL-chT U20"]
[Site "Chotowa"]
[Date "2025.06.17"]
[Round "4.27"]
[White "Gibala, Adam"]
[Black "Golis, Wiktor"]
[Result "1-0"]
[WhiteElo "2245"]
[BlackElo "2307"]
[PlyCount "71"]
[EventDate "2025.06.14"]
[EventType "team-tourn"]
[EventRounds "9"]
[EventCountry "POL"]
[SourceTitle "CB27_2025"]
[SourceDate "2025.07.02"]
[SourceVersion "1"]
[SourceVersionDate "2025.07.02"]
[SourceQuality "1"]
[WhiteTeam "Wroclaw Srodmiescie"]
[BlackTeam "Czarna LKSz"]
[WhiteTeamCountry "POL"]
[BlackTeamCountry "POL"]

1. d4 d5 2. c4 e6 3. Nf3 Nf6 4. Nc3 Be7 5. Bf4 0-0 6. cxd5 exd5 7. e3 Bf5 8. h3 c5 9. dxc5 Bxc5 10. Be2 Nc6 11. 0-0 a6 12. Rc1 Ba7 13. Ne5 d4 14. Nxc6 bxc6 15. exd4 Bxd4 16. Bf3 Rc8 17. Qb3 Be6 18. Qc2 Qa5 19. Bd6 Rfe8 20. b4 Qd8 21. Bg3 a5 22. Ne2 Bb6 23. Rfd1 Bd5 24. bxa5 Bxa5 25. Nf4 Bb6 26. Bh4 Qc7 27. Nxd5 Nxd5 28. Bg4 Rb8 29. Rxd5 cxd5 30. Qxc7 Bxc7 31. Rxc7 h6 32. Rd7 Rb1+ 33. Kh2 g6 34. Bf6 Rb6 35. Bd4 Ra6 36. Bf3 1-0

[Event "Katowice rapid op"]
[Site "Katowice"]
[Date "2025.05.31"]
[Round "11"]
[White "Golis, Wiktor"]
[Black "Mastrovasilis, Dimitrios"]
[Result "0-1"]
[WhiteElo "2200"]
[BlackElo "2517"]
[PlyCount "102"]
[EventDate "2025.05.31"]
[EventType "swiss"]
[EventRounds "11"]
[EventCountry "POL"]
[SourceTitle "CB24_2025"]
[SourceDate "2025.06.11"]
[SourceVersion "1"]
[SourceVersionDate "2025.06.11"]
[SourceQuality "1"]

1. e4 c5 2. Nf3 e6 3. d4 cxd4 4. Nxd4 a6 5. a3 b5 6. a4 b4 7. Bd3 Bb7 8. 0-0 Qc7 9. Qe2 Bd6 10. h3 Ne7 11. Nd2 Nbc6 12. N4f3 Ng6 13. Nc4 Bc5 14. e5 0-0 15. Re1 Nd4 16. Nxd4 Bxd4 17. Qg4 Bxe5 18. Nxe5 Nxe5 19. Qxb4 Nxd3 20. cxd3 Bd5 21. Bf4 Qc2 22. Qd4 f6 23. Rec1 Qe2 24. Bg3 Rfc8 25. b4 Qd2 26. Qe3 Qxb4 27. Rcb1 Qc3 28. a5 Qc5 29. Qd2 Qd4 30. Ra3 Bc6 31. Kh2 Qd5 32. f3 Bb5 33. Rab3 Rc6 34. d4 Rac8 35. h4 Rc2 36. Qf4 Re2 37. R3b2 Rcc2 38. Rxc2 Rxc2 39. Qe3 h6 40. Rc1 Rxc1 41. Qxc1 Qxd4 42. Qc8+ Kf7 43. Qc7 e5 44. Qb8 Qc3 45. Qd8 Qc5 46. h5 e4 47. fxe4 Qxh5+ 48. Kg1 Qd1+ 49. Kh2 Qe2 50. Qa8 Bc6 51. Qa7 Qxe4 0-1

[Event "Reykjavik op"]
[Site "Reykjavik"]
[Date "2025.04.15"]
[Round "9"]
[White "Golis, Wiktor"]
[Black "Kirk, Ezra"]
[Result "1-0"]
[WhiteElo "2293"]
[BlackElo "2394"]
[PlyCount "65"]
[EventDate "2025.04.09"]
[EventType "swiss"]
[EventRounds "9"]
[EventCountry "ISL"]
[SourceTitle "CB17_2025"]
[SourceDate "2025.04.23"]
[SourceVersion "1"]
[SourceVersionDate "2025.04.23"]
[SourceQuality "1"]

1. c4 Nf6 2. Nc3 g6 3. Nf3 Bg7 4. g3 b6 5. Bg2 Bb7 6. 0-0 0-0 7. d4 Ne4 8. Bd2 Nxd2 9. Qxd2 e6 10. e4 d6 11. d5 e5 12. b4 Nd7 13. Rfc1 Qe7 14. Ne1 f5 15. Nd3 Nf6 16. Qe2 Bh6 17. Rc2 fxe4 18. Nxe4 Nxe4 19. Bxe4 a5 20. c5 bxc5 21. bxc5 Ba6 22. cxd6 cxd6 23. Rb1 Qa7 24. Kg2 Qd4 25. Rd1 Bc4 26. Qg4 Bxd3 27. Rxd3 Qb6 28. h4 Rf6 29. h5 Raf8 30. Rf3 Kg7 31. hxg6 hxg6 32. Rc8 Rxc8 33. Qd7+ 1-0

[Event "Reykjavik op"]
[Site "Reykjavik"]
[Date "2025.04.12"]
[Round "5"]
[White "Golis, Wiktor"]
[Black "Williams, Simon Kim"]
[Result "1/2-1/2"]
[WhiteElo "2293"]
[BlackElo "2451"]
[PlyCount "105"]
[EventDate "2025.04.09"]
[EventType "swiss"]
[EventRounds "9"]
[EventCountry "ISL"]
[SourceTitle "CB17_2025"]
[SourceDate "2025.04.23"]
[SourceVersion "1"]
[SourceVersionDate "2025.04.23"]
[SourceQuality "1"]

1. d4 d5 2. c4 e6 3. Nf3 c6 4. e3 Nd7 5. Nc3 f5 6. Bd3 Nh6 7. 0-0 Bd6 8. b3 0-0 9. a4 Qe7 10. Bb2 Rf6 11. Qc2 Nf7 12. a5 Rh6 13. g3 Nf6 14. cxd5 exd5 15. Bxf5 Bxf5 16. Qxf5 Rh5 17. Qd3 Qe6 18. Rfe1 Ne4 19. Qf1 Qg4 20. Qe2 Bb4 21. Rac1 Qh3 22. Nh4 Rg5 23. Ng2 Rh5 24. Nh4 Rh6 25. f4 Nxg3 26. Qg2 Qxh4 27. hxg3 Qg4 28. e4 Rh3 29. Re3 Bxc3 30. Rexc3 dxe4 31. Ba3 Nh6 32. Qxe4 Rxg3+ 33. Kf2 Nf5 34. d5 Qh4 35. Rxg3 Nxg3 36. Qe6+ Kh8 37. Kf3 Nh5 38. Qg4 Qh2 39. dxc6 Re8 40. Re1 Rg8 41. c7 Qc2 42. Qxh5 Qxc7 43. Qc5 Qf7 44. Re3 h6 45. b4 Rd8 46. Qe5 Qc4 47. Bb2 Qf1+ 48. Kg4 Qd1+ 49. Kh4 Qh1+ 50. Rh3 Qg2 51. Rg3 Qh1+ 52. Rh3 Qg2 53. Rg3 1/2-1/2

[Event "Reykjavik op"]
[Site "Reykjavik"]
[Date "2025.04.11"]
[Round "4"]
[White "Cigan, Jason"]
[Black "Golis, Wiktor"]
[Result "0-1"]
[WhiteElo "2044"]
[BlackElo "2293"]
[PlyCount "56"]
[EventDate "2025.04.09"]
[EventType "swiss"]
[EventRounds "9"]
[EventCountry "ISL"]
[SourceTitle "CB17_2025"]
[SourceDate "2025.04.23"]
[SourceVersion "1"]
[SourceVersionDate "2025.04.23"]
[SourceQuality "1"]

1. e4 e6 2. d4 d5 3. Nc3 Nf6 4. e5 Nfd7 5. f4 c5 6. Nf3 Nc6 7. Be3 a6 8. a3 Qc7 9. Qd2 Be7 10. dxc5 Nxc5 11. b4 Ne4 12. Nxe4 dxe4 13. Nd4 Bd7 14. c4 0-0 15. Be2 f6 16. exf6 Bxf6 17. Rd1 Nxd4 18. Bxd4 Ba4 19. Bxf6 Rxf6 20. Qd6 Qf7 21. Rd4 Rxf4 22. g3 Rf2 23. Bg4 Re8 24. Rxe4 Bc6 25. Bxe6 Bxe4 26. Bxf7+ Rxf7 27. Rg1 Bc6+ 28. Kd2 Rd7 0-1

[Event "Titled Tuesday intern op 25th Feb Early"]
[Site "Chess.com INT"]
[Date "2025.02.25"]
[Round "8"]
[White "Golis, Wiktor"]
[Black "Myagmarsuren, Evsuld"]
[Result "0-1"]
[WhiteElo "2234"]
[BlackElo "2296"]
[PlyCount "84"]
[EventDate "2025.02.25"]
[EventType "swiss (blitz)"]
[EventRounds "11"]
[EventCountry "USA"]
[SourceTitle "CB10_2025"]
[SourceDate "2025.03.05"]
[SourceVersion "1"]
[SourceVersionDate "2025.03.05"]
[SourceQuality "1"]

1. Nf3 d5 2. c4 c6 3. g3 g6 4. Bg2 Bg7 5. d4 Nf6 6. 0-0 0-0 7. Nbd2 Ne4 8. b3 Bf5 9. Bb2 Qa5 10. a3 Nd7 11. b4 Qa6 12. Nh4 Nxd2 13. Qxd2 Qxc4 14. Nxf5 gxf5 15. Rac1 Qa6 16. Qf4 e6 17. Rfe1 Nb6 18. Rc3 Na4 19. Rc2 Nxb2 20. Rxb2 Qxa3 21. Reb1 b5 22. h4 a5 23. h5 h6 24. Rb3 Qa4 25. g4 fxg4 26. Qxg4 Kh8 27. Rg3 Rg8 28. Qf4 Qc2 29. Rbb3 axb4 30. Rxg7 Rxg7 31. Qxh6+ Qh7 32. Qf6 Ra1+ 33. Kh2 Qf5 34. Qd8+ Rg8 35. Qc7 Rg4 36. Qd8+ Kh7 37. Rh3 Qf4+ 38. Rg3 Rh4+ 39. Bh3 Qxf2+ 40. Rg2 Rh1+ 41. Kxh1 Rxh3+ 42. Rh2 Rxh2# 0-1

[Event "Titled Tuesday intern op 25th Feb Early"]
[Site "Chess.com INT"]
[Date "2025.02.25"]
[Round "5"]
[White "Skaric, Djuro"]
[Black "Golis, Wiktor"]
[Result "0-1"]
[WhiteElo "2285"]
[BlackElo "2234"]
[PlyCount "92"]
[EventDate "2025.02.25"]
[EventType "swiss (blitz)"]
[EventRounds "11"]
[EventCountry "USA"]
[SourceTitle "CB10_2025"]
[SourceDate "2025.03.05"]
[SourceVersion "1"]
[SourceVersionDate "2025.03.05"]
[SourceQuality "1"]

1. g3 d5 2. Bg2 e5 3. d3 Nf6 4. Nf3 Nc6 5. 0-0 h6 6. h3 Bc5 7. Nc3 0-0 8. e4 dxe4 9. dxe4 Be6 10. Bd2 a6 11. Kh2 Bc4 12. Rh1 Bxf2 13. Nh4 Ne7 14. Qc1 Kh7 15. b3 Be6 16. Rf1 Bd4 17. Qe1 Ng6 18. Nf5 c5 19. Rd1 Rb8 20. Ne2 Bxf5 21. exf5 Ne7 22. c3 Ned5 23. cxd4 cxd4 24. Bc1 Qb6 25. Bb2 Rbd8 26. g4 Ne3 27. Ng3 Nxd1 28. Qxd1 Rfe8 29. Ne4 Nd5 30. Rf3 Ne3 31. Qd2 Rc8 32. Rf2 Rc2 33. Qd3 Rxf2 34. Nxf2 Rc8 35. Kg3 Rc2 36. Ba3 Rxa2 37. f6+ g6 38. Be7 Rb2 39. Bd5 Nxd5 40. Qe4 Rxb3+ 41. Kh2 Qe6 42. h4 Nxf6 43. Bxf6 Qxf6 44. Nh3 Rb2+ 45. Kg3 Qf1 46. h5 Rb3+ 0-1

[Event "Prague op 23rd"]
[Site "Prague"]
[Date "2025.01.14"]
[Round "6"]
[White "Shapovalovi, Vasiko"]
[Black "Golis, Wiktor"]
[Result "1-0"]
[WhiteElo "2078"]
[BlackElo "2314"]
[PlyCount "85"]
[EventDate "2025.01.10"]
[EventType "swiss"]
[EventRounds "9"]
[EventCountry "CZE"]
[SourceTitle "CB04_2025"]
[SourceDate "2025.01.22"]
[SourceVersion "1"]
[SourceVersionDate "2025.01.22"]
[SourceQuality "1"]

1. c4 e6 2. Nf3 d5 3. e3 Nf6 4. b3 c5 5. cxd5 exd5 6. Bb2 Nc6 7. Be2 Bd6 8. 0-0 0-0 9. d4 Re8 10. Nc3 a6 11. Rc1 cxd4 12. Nxd4 Nxd4 13. Qxd4 Be5 14. Qh4 Be6 15. Na4 Bxb2 16. Nxb2 Qa5 17. Qd4 Qxa2 18. Ra1 Qxb3 19. Bd1 Qb5 20. Ba4 Qe2 21. Rfe1 Qh5 22. Bxe8 Rxe8 23. Nd3 Bd7 24. Qb6 Bb5 25. Nf4 Qe5 26. Rad1 g5 27. Ne2 Ng4 28. Ng3 Bc6 29. Qb1 Re6 30. Qf5 Nh6 31. Qxe5 Rxe5 32. Ra1 Nf5 33. Ne2 h5 34. Nc3 d4 35. exd4 Rxe1+ 36. Rxe1 Nxd4 37. Ne4 Bxe4 38. Rxe4 Ne6 39. h4 Kg7 40. hxg5 Kg6 41. f4 Kf5 42. Re5+ Kxf4 43. Rxe6 1-0

[Event "Bialystok Zamenhof Memorial 43rd"]
[Site "Bialystok"]
[Date "2024.12.30"]
[Round "7"]
[White "Golis, Wiktor"]
[Black "Madrawski, Krzysztof"]
[Result "1-0"]
[WhiteElo "2313"]
[BlackElo "2054"]
[PlyCount "101"]
[EventDate "2024.12.27"]
[EventType "swiss"]
[EventRounds "9"]
[EventCountry "POL"]
[SourceTitle "CB02_2025"]
[SourceDate "2025.01.08"]
[SourceVersion "1"]
[SourceVersionDate "2025.01.08"]
[SourceQuality "1"]

1. d4 g6 2. e4 Bg7 3. Nf3 b6 4. Be3 Bb7 5. Nc3 d6 6. Qd2 Nd7 7. Bd3 a6 8. h4 h6 9. Ne2 e6 10. 0-0-0 Ngf6 11. Ng3 Qe7 12. Qe2 Ng4 13. Bd2 c5 14. c3 h5 15. Kb1 e5 16. Bg5 f6 17. Bc1 b5 18. Bc2 c4 19. Nh2 Nxh2 20. Rxh2 Bh6 21. Bxh6 Rxh6 22. Qe3 Rh8 23. f4 exf4 24. Qxf4 0-0-0 25. Rhh1 Rhg8 26. Rde1 Rde8 27. Re2 Nb8 28. Rf1 Ref8 29. Ref2 Kc7 30. Qh6 Nd7 31. Qf4 Kb8 32. Re2 Bc6 33. Re3 Kc7 34. Rfe1 a5 35. Qf2 Rb8 36. Ne2 b4 37. Nf4 bxc3 38. Rxc3 d5 39. exd5 Qb4 40. Bb3 cxb3 41. Ne6+ Kc8 42. Rxc6+ Kb7 43. Rc7+ Ka8 44. Rxd7 Qa4 45. Nc7+ Kb7 46. Nb5+ Ka6 47. Qxf6+ Rb6 48. Ra7+ Kxb5 49. Qf1+ Qc4 50. Rxa5+ Kb4 51. Ra4+ 1-0

[Event "Bialystok Zamenhof Memorial 43rd"]
[Site "Bialystok"]
[Date "2024.12.28"]
[Round "3"]
[White "Golis, Wiktor"]
[Black "Kirtadze, Anastasia"]
[Result "0-1"]
[WhiteElo "2313"]
[BlackElo "2047"]
[PlyCount "54"]
[EventDate "2024.12.27"]
[EventType "swiss"]
[EventRounds "9"]
[EventCountry "POL"]
[SourceTitle "CB02_2025"]
[SourceDate "2025.01.08"]
[SourceVersion "1"]
[SourceVersionDate "2025.01.08"]
[SourceQuality "1"]

1. e4 c5 2. Nf3 e6 3. d4 cxd4 4. Nxd4 Nf6 5. Bd3 d5 6. e5 Ne4 7. 0-0 Nd7 8. Bf4 Nec5 9. Re1 Be7 10. c3 g5 11. Bg3 h5 12. h3 Nxd3 13. Qxd3 Nc5 14. Qe2 Bd7 15. Nd2 Qb6 16. b3 0-0-0 17. a4 Kb8 18. Qf3 g4 19. hxg4 hxg4 20. Qxf7 Bg5 21. Nf1 Ne4 22. a5 Qc5 23. a6 Rh6 24. Qg7 Rdh8 25. Bh2 R6h7 26. Qg6 Qxc3 27. Ne2 Qc5 0-1

[Event "Bialystok Zamenhof Memorial 43rd"]
[Site "Bialystok"]
[Date "2024.12.28"]
[Round "4"]
[White "Korszanski, Stanislaw"]
[Black "Golis, Wiktor"]
[Result "1-0"]
[WhiteElo "1955"]
[BlackElo "2313"]
[PlyCount "67"]
[EventDate "2024.12.27"]
[EventType "swiss"]
[EventRounds "9"]
[EventCountry "POL"]
[SourceTitle "CB02_2025"]
[SourceDate "2025.01.08"]
[SourceVersion "1"]
[SourceVersionDate "2025.01.08"]
[SourceQuality "1"]

1. e4 c6 2. d4 d5 3. exd5 cxd5 4. c4 Nf6 5. Nc3 Nc6 6. Bg5 dxc4 7. d5 Ne5 8. Qd4 h6 9. Bf4 Ng6 10. Bg3 e5 11. Bxe5 Ng4 12. Bg3 Be7 13. h3 Bf6 14. Qe4+ N4e5 15. f4 Bh4 16. Nge2 Bxg3+ 17. Nxg3 Qh4 18. Nce2 f5 19. Qe3 0-0 20. fxe5 f4 21. Qd4 fxg3 22. Qxh4 Nxh4 23. Nxg3 b5 24. 0-0-0 Nf5 25. Nxf5 Rxf5 26. e6 Rf2 27. g4 Bb7 28. Rg1 Rc8 29. d6 Be4 30. d7 Rc2+ 31. Kb1 Rd2+ 32. Bd3 Bxd3+ 33. Ka1 Rxd1+ 34. Rxd1 1-0

[Event "Budapest One Week GM-B 12"]
[Site "Budapest"]
[Date "2024.12.20"]
[Round "9"]
[White "Golis, Wiktor"]
[Black "Bodi, Tibor"]
[Result "1/2-1/2"]
[WhiteElo "2313"]
[BlackElo "2310"]
[PlyCount "181"]
[EventDate "2024.12.16"]
[EventType "tourn"]
[EventRounds "9"]
[EventCountry "HUN"]
[EventCategory "6"]
[SourceTitle "CB52_2024"]
[SourceDate "2024.12.25"]
[SourceVersion "1"]
[SourceVersionDate "2024.12.25"]
[SourceQuality "1"]

1. e4 c6 2. d4 d5 3. Nd2 g6 4. Ngf3 dxe4 5. Nxe4 Bg7 6. h3 Nd7 7. c4 Ngf6 8. Nc3 0-0 9. Be2 Qc7 10. Be3 e5 11. 0-0 exd4 12. Nxd4 Rd8 13. Qc2 Nc5 14. Rfd1 Ne6 15. Qa4 Nxd4 16. Bxd4 Ng4 17. hxg4 Bxd4 18. Bf3 Be6 19. Qb3 Rd7 20. Ne4 Rad8 21. Qc2 Qf4 22. Qe2 Kg7 23. Kh1 Qe5 24. Rd2 b5 25. cxb5 cxb5 26. g5 Bc4 27. Qd1 Be6 28. Qe2 h6 29. gxh6+ Kxh6 30. g3 Kg7 31. Rad1 Bxb2 32. Rxd7 Rxd7 33. Rb1 Bd4 34. Rxb5 Rd5 35. Rxd5 Bxd5 36. Qc2 Bxf2 37. Qxf2 Bxe4 38. Bxe4 Qxe4+ 39. Kh2 a5 40. Qb2+ Kh7 41. a3 Qf5 42. Qc3 Qf2+ 43. Kh3 Qf5+ 44. Kh2 g5 45. Qe3 Kg6 46. Qb6+ f6 47. Qb2 Qd3 48. Qa2 Kh5 49. a4 Kg4 50. Qg2 Qh7+ 51. Kg1 Qd3 52. Kh2 Kh5 53. Qa2 f5 54. Qf2 Qe4 55. Qa2 Kg4 56. Qd2 Kf3 57. Qc3+ Qe3 58. Qc6+ Qe4 59. Qc3+ Kg4 60. Qd2 Kh5 61. Qxa5 Qe2+ 62. Kg1 Kg4 63. Qc3 Kh3 64. Qh8+ Kxg3 65. Qc3+ Kh4 66. a5 f4 67. Qd4 Qe1+ 68. Kg2 Qg3+ 69. Kh1 Qf3+ 70. Kh2 Qe2+ 71. Kg1 Qe1+ 72. Kg2 Qg3+ 73. Kh1 Qf3+ 74. Kh2 Qe2+ 75. Kg1 Kh3 76. Qh8+ Kg3 77. Qc3+ f3 78. Qc7+ Kg4 79. Qd7+ Kf4 80. Qd4+ Kf5 81. Qd5+ Kg4 82. Qd7+ Kg3 83. Qd6+ Kh3 84. Qd7+ Kg3 85. Qd6+ Kh3 86. Qd7+ Kh4 87. Qh7+ Kg4 88. Qd7+ Kf4 89. Qd4+ Kg3 90. Qd6+ Kh3 91. Qd7+ 1/2-1/2

[Event "Budapest One Week GM-B 12"]
[Site "Budapest"]
[Date "2024.12.18"]
[Round "5"]
[White "Golis, Wiktor"]
[Black "Tzidkiya, Yeshaayahu"]
[Result "0-1"]
[WhiteElo "2313"]
[BlackElo "2463"]
[PlyCount "94"]
[EventDate "2024.12.16"]
[EventType "tourn"]
[EventRounds "9"]
[EventCountry "HUN"]
[EventCategory "6"]
[SourceTitle "CB52_2024"]
[SourceDate "2024.12.25"]
[SourceVersion "1"]
[SourceVersionDate "2024.12.25"]
[SourceQuality "1"]

1. e4 c5 2. Nf3 d6 3. d4 cxd4 4. Nxd4 Nf6 5. Nc3 g6 6. Be3 Nc6 7. f3 h5 8. h3 Bd7 9. f4 Bh6 10. Qf3 Nxd4 11. Bxd4 Qa5 12. e5 Bc6 13. Bb5 Qxb5 14. Nxb5 Bxf3 15. gxf3 Nd5 16. exd6 0-0 17. c4 Nxf4 18. Nc7 Rad8 19. dxe7 Rxd4 20. exf8Q+ Bxf8 21. Nd5 Nd3+ 22. Ke2 Nxb2 23. Rab1 Nxc4 24. Nf6+ Kg7 25. Ne8+ Kh6 26. Rhd1 Rh4 27. Rxb7 Rxh3 28. Rf1 Bc5 29. Nf6 Ne5 30. f4 Rh2+ 31. Kd1 Nc4 32. Rf3 Ne3+ 33. Rxe3 Bxe3 34. Rxf7 Bxf4 35. Rxa7 Kg5 36. Nh7+ Kg4 37. Ra6 g5 38. Nf6+ Kf5 39. Ke1 h4 40. Nd5 h3 41. Nxf4 Kxf4 42. Kf1 Rb2 43. Kg1 g4 44. Ra3 h2+ 45. Kh1 g3 46. Ra4+ Kf3 47. Ra3+ Kg4 0-1

[Event "Budapest One Week GM-B 12"]
[Site "Budapest"]
[Date "2024.12.16"]
[Round "2"]
[White "Juhasz, Agoston Botond"]
[Black "Golis, Wiktor"]
[Result "1-0"]
[WhiteElo "2426"]
[BlackElo "2313"]
[PlyCount "83"]
[EventDate "2024.12.16"]
[EventType "tourn"]
[EventRounds "9"]
[EventCountry "HUN"]
[EventCategory "6"]
[SourceTitle "CB52_2024"]
[SourceDate "2024.12.25"]
[SourceVersion "1"]
[SourceVersionDate "2024.12.25"]
[SourceQuality "1"]

1. e4 c6 2. d4 d5 3. e5 c5 4. Nf3 cxd4 5. Nxd4 Nc6 6. Nxc6 bxc6 7. Bd3 e6 8. 0-0 Ne7 9. Re1 a5 10. c3 c5 11. Nd2 Nc6 12. Nf3 Be7 13. Qa4 Bd7 14. Qg4 g6 15. Bh6 Qb6 16. Rab1 0-0-0 17. Qf4 Be8 18. Bf1 Rd7 19. c4 d4 20. a3 Qd8 21. Bg5 Rf8 22. Bxe7 Qxe7 23. Ng5 f6 24. exf6 Rxf6 25. Qe4 Qd6 26. Qg4 Ne5 27. Qg3 Rf5 28. Ne4 Qc7 29. b4 cxb4 30. c5 d3 31. axb4 Nc4 32. Nd6+ Nxd6 33. Bxd3 Rd5 34. cxd6 R7xd6 35. Be4 Rb5 36. Rbc1 Bc6 37. bxa5 e5 38. Qc3 Kb7 39. a6+ Kb6 40. a7 Ra5 41. Bxc6 Rxc6 42. Qxa5+ 1-0